| 000 | 00642nam a22001937a 4500 | ||
|---|---|---|---|
| 999 |
_c164894 _d164894 |
||
| 005 | 20190529153017.0 | ||
| 010 | _aENG-125394 | ||
| 020 |
_a9788188569564 _c125.00 |
||
| 035 | _aEN-108926 | ||
| 037 | _bDBAD/PUB | ||
| 082 | _a410.92 | ||
| 100 | _aRamanna, Mridula | ||
| 245 |
_aFounders and guardians of the Asiatic society of Mumbai : _cby Ramanna Mridula ; ed by Aroon Tikekar _bEdward Moor / |
||
| 260 |
_aMumbai _bIndus Source Books _c2014 |
||
| 270 |
_aPO Box 6194, Malabar Hill PO _bMumbai _e400006 _minfo@indussource.com |
||
| 300 |
_a95p _c22cm(pbk) |
||
| 700 | _aTikekar, Aroon | ||
| 942 |
_2ddc _cEN _h410.92 _mRAM |
||